000238697 001__ 238697
000238697 005__ 20230311173040.0
000238697 0247_ $$2I:(DE-82)421510_20170406$$aG:(DE-82)BMBF-13N15084$$dBMBF-13N15084
000238697 035__ $$aG:(DE-82)BMBF-13N15084
000238697 150__ $$a
Verbundprojekt: Industrialisierung und Digitalisierung von Additive Manufacturing (AM) für automobile Serienprozesse (IDAM)
$$b
Teilvorhaben: Technologieprozessor - KEVIN (Kognitive effiziente validierte intelligente Numerik)
$$y2019-03-01 - 2022-02-28
000238697 371__ $$0P:(DE-82)IDM02400$$aSchleifenbaum, Johannes Henrich$$s20190301$$t20220228
000238697 450__ $$aBMBF 13N15084$$wd$$y2019-03-01 - 2022-02-28
000238697 5101_ $$0I:(DE-588b)5309538-8$$aBundesministerium für Bildung und Forschung$$bBMBF
000238697 8564_ $$u
https://foerderportal.bund.de/foekat/jsp/SucheAction.do?actionMode=view=13N15084
$$yHomepage
000238697 909CO $$ooai:juser.fz-juelich.de:893970$$pauthority$$pauthority:GRANT
000238697 909CO $$ooai:juser.fz-juelich.de:893970
000238697 980__ $$aG
000238697 980__ $$aAUTHORITY